000 00472nam a2200193Ia 4500
008 240510s9999 xx 000 0 und d
020 _a0001558604952
041 _aEng
082 _a006.3
082 _bR21
100 _aHUHNS M.N. : SINGH M.P. (ED.)
245 0 _aREADINGS IN AGENTS
260 _bCALIFORNIA : MORGAN KAUFFMANN
260 _c1998
300 _a523 p.
650 _aINTELLIGENT AGENTS : ARTIFICIAL INTELLIGENCE
942 _2ddc
942 _cRBK
999 _c26433
_d26433
945 _a1
_bMadushi Gamage
_c1
_dMadushi Gamage